UEFA Team By Flag - Statistics

General Stats
  • This quiz has been taken 9 times
    8 since last reset
  • The average score is 22 of 23
Answer Stats
Picture Answer % Correct
Bayern Munich
100%
Benfica
100%
Borussia Dortmund
100%
Celtic
100%
Chelsea
100%
FC Barcelona
100%
Feyenoord
100%
Juventus
100%
Liverpool
100%
Manchester City
100%
Monaco
100%
Napoli
100%
Paris
100%
Porto
100%
Real Madrid
100%
Red Bull Leipzig
100%
Roma
100%
Seville
100%
Shakhtar Donetsk
100%
Sporting Portugal
100%
Tottenham
100%
Athletico Madrid
75%
Besiktas JK
25%
No matching quizzes found
Score Distribution
Percent of People with Each Score
Percentile by Number Answered
Your Score History
You have not taken this quiz since the last reset